000 01037cam a2200157 4500500
005 20260208005928.0
041 _afre
042 _adc
100 1 0 _aRey, Pierre-Louis
_eauthor
245 0 0 _aPHILIPPE BERTHIER, Stendhal en miroir. Histoire du stendhalisme en France (1842-2004). Honoré Champion, 2007. Un vol. 24 × 16 de 332 p.
260 _c2008.
500 _a47
520 _aLe 9 avril 1845 Victor Hugo écrit au représentant du roi de Suède à Paris, le comte G. C. F. Löwenhjelm en lui confiant deux exemplaires de Notre-Dame de Paris destinés au roi Oscar Ier et au secrétaire perpétuel de l’Académie suédoise, Bernhard von Beskow. Par sa date et son contenu, cette lettre se rattache à la correspondance de Hugo avec Beskow publiée dans le numéro précédent de la RHLF.
786 0 _nRevue d'histoire littéraire de la France | 107 | 4 | 2008-02-01 | p. 957u-1012u | 0035-2411
856 4 1 _uhttps://shs.cairn.info/revue-d-histoire-litteraire-de-la-france-2007-4-page-957u?lang=fr&redirect-ssocas=7080
999 _c1654406
_d1654406